Current Fighter Jets in Service - Statistics

General Stats
  • This quiz has been taken 413 times
  • The average score is 5 of 11
Answer Stats
Nation Role Answer % Correct
America Fighter F-22
91%
America Multi F-35
88%
America Fighter F-15
76%
EU Multi EuroFighter
65%
Russia Fighter MiG-29
53%
France Fighter Rafale
51%
Russia Fighter Su-27
50%
Russia Multi Su-34
27%
Russia Fighter MiG-31
23%
America Attack/Support A-10 Warthog
15%
America UAV RQ-20
1%
No matching quizzes found
Score Distribution
Percent of People with Each Score
Percentile by Number Answered
Your Score History
You have not taken this quiz